000 01083nas a2200361 4500
001 BR0400503
003 BR-BrBNA
005 20231205104255.0
007 ta
008 230509b bl.|||p| |||| 00| 00por d
040 _aBR-BrBNA
_bpor
_cBiblioteca Nacional de Agricultura
041 _a(Pt)
072 _aP34; K10
100 1 _aCaproni, A.L.
100 1 _aFranco, A.A.
100 1 _aBerbara, R.L.L.
100 1 _aGranha, J.R.D. de O.
100 1 _aRibeiro, E.M. da S.
100 1 _aSaggin Júnior, O.J.
245 1 _aCapacidade infectiva de fungos micorrízicos arbusculares em áreas reflorestadas após mineração de bauxita no Pará
650 _aFUNGO
650 _aMICORRIZA
650 _aESPORO
650 _aMINERAÇÃO
650 _aGLOMUS MACROCARPUM
650 _aSIMBIOSE
650 _aIDENTIFICAÇÃO
650 _aPARÁ
650 _aREFLORESTAMENTO
773 0 _tPesquisa Agropecuária Brasileira (Brazil)
_xISSN 0100-204X
_g(Aug 2003), v. 38(8) p. 937-945
_wBR0400503
909 _a202311
_bLúcia
_c55
_dLúcia Elande
942 _2AGRIS
_n0
_cANA
999 _c177297
_d177297